| 000 | 00602nam a22002057a 4500 | ||
|---|---|---|---|
| 003 | OSt | ||
| 005 | 20260311070817.0 | ||
| 008 | 260311b |||||||| |||| 00| 0 eng d | ||
| 020 | _a9812-53-252-8. | ||
| 040 |
_aDWCL Main lib _cOC |
||
| 082 | _aGR 530 T787p 2004 | ||
| 100 | _aTrefil, James | ||
| 245 |
_aPhysics matters : _ban introduction to conceptual physics _cJames Trefil |
||
| 260 |
_aN. J. : _bJohn Wiley & Sons, Inc., _cc2004. |
||
| 300 |
_axviii, 691 p. : _bill. ; _c23 cm. |
||
| 504 | _aIncludes index. | ||
| 650 | _a1. Physics. | ||
| 700 | _aRobert M. Hazen | ||
| 942 |
_2ddc _cGR _kGR. _n0 |
||
| 999 |
_c8960 _d8960 |
||